| 000 | 00660nam a2200217 a 4500 | ||
|---|---|---|---|
| 005 | 20140310183345.0 | ||
| 008 | 070205s19uu xx 00 eng d | ||
| 020 | _a974-9823-37-0 | ||
| 050 |
_aRJ 401 _b.R245 2006 |
||
| 100 | _aCommittee on Infectious Diseases American Academy of Pediatrics | ||
| 245 |
_aRed Book : _b2006 report of the Committee on Infectious Diseases./ |
||
| 250 | _a27th ed. | ||
| 260 |
_aBangkok : _biGroup Press Co., Ltd, _c2006. |
||
| 300 |
_a992 p. : _c23 cm. |
||
| 521 | _aNUR | ||
| 650 | _aCommunicable Diseases. | ||
| 650 | _aBacterial Infections. | ||
| 650 | _aVirus Diseases. | ||
| 942 |
_cBK _2lcc _kFOR |
||
| 999 |
_c21925 _d21925 |
||